Statistics for New Zealand Rugby All Blacks 2015 Rugby World Cup Squad

Click here to take the quiz!

General Stats

  • This quiz has been taken 771 times
    (687 since last reset)
  • The average score is 21 of 33

Answer Stats

Position Player % Correct
1st FiveDaniel Carter
94%
Loose ForwardRichard McCaw
93%
HalfbackAaron Smith
92%
Midfield BackConrad Smith
91%
Outside BackBen Smith
91%
PropOwen Franks
83%
LockSamuel Whitelock
83%
Midfield BackMa'a Nonu
83%
PropBen Franks
80%
1st FiveBeauden Barrett
79%
HookerDane Coles
78%
Loose ForwardKieran Read
76%
Outside BackJulian Savea
75%
Midfield BackSonny Bill Williams
73%
Loose ForwardJerome Kaino
70%
LockBrodie Retallick
69%
HookerKeven Mealamu
67%
HalfbackT.J Perenara
65%
Loose ForwardSam Cane
60%
PropTony Woodcock
60%
Outside BackNehe Milner-Skudder
56%
HookerCodie Taylor
51%
Prop(injury replacement)Joe Moody
49%
Loose ForwardVictor Vito
47%
HalfbackTawera Kerr-Barlow
47%
Outside BackWaisake Naholo
44%
1st FiveColin Slade
43%
PropWyatt Crockett
41%
Midfield BackMalakai Fekitoa
36%
Loose ForwardLiam Messam
36%
LockLuke Romano
35%
PropCharlie Faumuina
29%
Prop (injury replacement)Pauliasi Manu
15%

Score Distribution

Percentile by Number Answered

Percent of People with Each Score

Your Score History

You have not taken this quiz since the last reset